[Event "2BLW 1920 SG Solingen II - SC Siegburg"]
[Site "?"]
[Date "2021.08.07"]
[Round "8.8"]
[White "Peschel, Andreas"]
[Black "Albrecht, Oliver"]
[Result "1/2-1/2"]
[WhiteElo "2189"]
[BlackElo "2148"]
[PlyCount "34"]
[EventDate "2021.??.??"]

1. d4 Nf6 2. c4 g6 3. Nc3 d5 4. cxd5 Nxd5 5. e4 Nxc3 6. bxc3 Bg7 7. Bc4 c5 8.
Ne2 Nc6 9. Be3 O-O 10. Qd2 Qa5 11. Rd1 e6 12. h4 cxd4 13. cxd4 Qxd2+ 14. Rxd2
Na5 15. Bd3 b6 16. O-O Bb7 17. Rc2 Rac8 1/2-1/2

[Event "2BLW 1920 SC Remagen Sinzig - Düsseldo"]
[Site "?"]
[Date "2021.08.07"]
[Round "8.1"]
[White "Berelowitsch, Alexander"]
[Black "Cyborowski, Lukasz"]
[Result "1/2-1/2"]
[WhiteElo "2516"]
[BlackElo "2517"]
[PlyCount "41"]
[EventDate "2021.??.??"]

1. e4 e5 2. Nf3 Nf6 3. Nxe5 d6 4. Nf3 Nxe4 5. Nc3 Nf6 6. d4 Be7 7. Bd3 O-O 8.
h3 Re8 9. O-O Nbd7 10. Ne2 b6 11. Ng3 Bb7 12. Re1 Bf8 13. Rxe8 Qxe8 14. Bf4 g6
15. c4 Bg7 16. Rc1 Qe7 17. Qe1 Qxe1+ 18. Nxe1 Nf8 19. d5 N6d7 20. b3 Nc5 21.
Bc2 1/2-1/2

[Event "2BLW 1920 SC Remagen Sinzig - Düsseldo"]
[Site "?"]
[Date "2021.08.07"]
[Round "8.2"]
[White "Dgebuadze, Alexandre"]
[Black "Orlov, Andrey"]
[Result "1/2-1/2"]
[WhiteElo "2488"]
[BlackElo "2495"]
[PlyCount "40"]
[EventDate "2021.??.??"]

1. e4 d6 2. d4 Nf6 3. Nc3 e5 4. Nf3 Nbd7 5. Bc4 Be7 6. O-O O-O 7. a4 a5 8. h3
c6 9. Ba2 h6 10. Be3 Re8 11. Re1 Bf8 12. Qd2 Qc7 13. Nh4 Nb6 14. Ng6 Be6 15.
Bxe6 Rxe6 16. Nxf8 Rxf8 17. b3 exd4 18. Bxd4 Rfe8 19. Bxf6 Rxf6 20. Qe3 Rfe6
1/2-1/2

[Event "2BLW 1920 SC Remagen Sinzig - Düsseldo"]
[Site "?"]
[Date "2021.08.07"]
[Round "8.3"]
[White "Vaisser, Anatoly"]
[Black "Jaracz, Pawel"]
[Result "1/2-1/2"]
[WhiteElo "2496"]
[BlackElo "2456"]
[PlyCount "106"]
[EventDate "2021.??.??"]

1. d4 d5 2. c4 e6 3. Nc3 Nf6 4. cxd5 exd5 5. Bg5 Be7 6. e3 c6 7. Bd3 Nbd7 8.
Qc2 Nh5 9. Bxe7 Qxe7 10. Nge2 Nb6 11. O-O g6 12. Rae1 O-O 13. Nc1 Ng7 14. f3
Be6 15. Qf2 Rad8 16. Nb3 Qf6 17. Na5 Bc8 18. Rd1 Ne6 19. Rfe1 Rfe8 20. Nb3 Re7
21. a4 Na8 22. f4 Nac7 23. f5 Ng5 24. h4 Ne4 25. Bxe4 dxe4 26. fxg6 Qxf2+ 27.
Kxf2 fxg6 28. Nd2 Bf5 29. Nc4 Nd5 30. Nxd5 cxd5 31. Ne5 Rc7 32. g4 Be6 33. Rd2
Rdc8 34. Kg3 Rc2 35. Ree2 Rxd2 36. Rxd2 Kg7 37. g5 Rc1 38. Rf2 Rg1+ 39. Kh2 Re1
40. Rf6 Bc8 41. Rf7+ Kg8 42. Rc7 Be6 43. Re7 Bf5 44. Rxb7 Rxe3 45. Rxa7 Rb3 46.
a5 e3 47. Kg3 Be4 48. Ng4 e2+ 49. Kf2 Bf3 50. Ne5 Bh5 51. Nd7 Re3 52. Ke1 Bf3
53. Ne5 Bh5 1/2-1/2

[Event "2BLW 1920 SC Remagen Sinzig - Düsseldo"]
[Site "?"]
[Date "2021.08.07"]
[Round "8.4"]
[White "Cioara, Andrei-Nestor"]
[Black "Miedema, David"]
[Result "1-0"]
[WhiteElo "2413"]
[BlackElo "2379"]
[PlyCount "27"]
[EventDate "2021.??.??"]

1. d4 e6 2. c4 Nf6 3. g3 d5 4. Nf3 dxc4 5. Bg2 Nc6 6. O-O Rb8 7. e3 b5 8. b3
cxb3 9. axb3 a6 10. Bd2 Be7 11. Qc2 Rb6 12. Ne5 Nb4 13. Bxb4 Bxb4 14. Nc6 1-0

[Event "2BLW 1920 SC Remagen Sinzig - Düsseldo"]
[Site "?"]
[Date "2021.08.07"]
[Round "8.5"]
[White "Stark, Lars"]
[Black "Mainka, Romuald"]
[Result "1-0"]
[WhiteElo "2381"]
[BlackElo "2384"]
[PlyCount "99"]
[EventDate "2021.??.??"]

1. c4 e6 2. g3 d5 3. Bg2 Nf6 4. Nf3 Be7 5. O-O O-O 6. b3 b6 7. Bb2 Bb7 8. cxd5
Nxd5 9. Nc3 c5 10. Rc1 Na6 11. Qc2 Rc8 12. Rfd1 Bf6 13. Qb1 Qe7 14. Nxd5 Bxd5
15. Bc3 Bxc3 16. dxc3 b5 17. Ne5 Bxg2 18. Kxg2 Qb7+ 19. Kg1 f6 20. Ng4 Rcd8 21.
Ne3 Nc7 22. c4 b4 23. Rxd8 Rxd8 24. Rd1 Rxd1+ 25. Qxd1 Ne8 26. Qd8 Kf7 27. Ng2
Qc7 28. Qd3 g6 29. Nf4 Qd6 30. Qf3 Qa6 31. Nd3 Qxa2 32. Nxc5 Qa1+ 33. Kg2 Qe5
34. Qb7+ Qc7 35. Qxb4 Nd6 36. Nd3 a5 37. Qc5 Qb7+ 38. f3 Nf5 39. Qxa5 Qxb3 40.
Qc7+ Kg8 41. Qc8+ Kg7 42. Qd7+ Kh6 43. Qxe6 Qa2 44. Kf2 Qa1 45. Qe4 Kg7 46. g4
Qa7+ 47. c5 Ne7 48. Qe6 Qc7 49. Qd6 Qb7 50. Nf4 1-0

[Event "2BLW 1920 SC Remagen Sinzig - Düsseldo"]
[Site "?"]
[Date "2021.08.07"]
[Round "8.6"]
[White "Polaczek, Richard"]
[Black "De Gleria, Francesco"]
[Result "1-0"]
[WhiteElo "2352"]
[BlackElo "2376"]
[PlyCount "67"]
[EventDate "2021.??.??"]

1. d4 Nf6 2. Nf3 d5 3. c4 e6 4. Nc3 Bb4 5. Qa4+ Nc6 6. Bd2 O-O 7. e3 Be7 8. Rc1
a6 9. Qc2 dxc4 10. Bxc4 Nb4 11. Qb1 b5 12. Be2 Bb7 13. O-O c5 14. dxc5 Bxc5 15.
a3 Nbd5 16. Nxd5 Qxd5 17. Rfd1 Qh5 18. Nd4 Qg5 19. Bf3 Bxf3 20. Nxf3 Qh5 21.
Qc2 Be7 22. Qc6 Rfe8 23. e4 Qg6 24. Re1 Qh5 25. h3 h6 26. Bf4 g5 27. Bd6 Bxd6
28. Qxd6 Qg6 29. Ne5 Qg7 30. Rc7 Red8 31. Qc5 Qf8 32. Nxf7 Rac8 33. Nxh6+ Kh8
34. Nf7+ 1-0

[Event "2BLW 1920 SC Remagen Sinzig - Düsseldo"]
[Site "?"]
[Date "2021.08.07"]
[Round "8.7"]
[White "Coenen, Michael"]
[Black "Huhndorf, Arnold"]
[Result "1/2-1/2"]
[WhiteElo "2362"]
[BlackElo "2211"]
[PlyCount "68"]
[EventDate "2021.??.??"]

1. Nf3 g6 2. c4 Bg7 3. Nc3 c5 4. e3 Nf6 5. d4 O-O 6. Be2 cxd4 7. exd4 d5 8. h3
Nc6 9. O-O dxc4 10. Bxc4 Na5 11. Be2 Be6 12. Ne5 Rc8 13. Be3 Nd5 14. Nxd5 Bxd5
15. Qa4 Nc6 16. Nxc6 Rxc6 17. Rac1 Qb6 18. b3 Rxc1 19. Rxc1 Bc6 20. Qc4 Qa5 21.
b4 Qd5 22. Qxd5 Bxd5 23. Rc7 Rd8 24. Bf3 Bxf3 25. gxf3 Bxd4 26. Bxd4 Rxd4 27.
Rxb7 a6 28. Rb6 Kg7 29. Kf1 a5 30. bxa5 Ra4 31. Ra6 Rxa2 32. Ra8 Kf6 33. a6 h5
34. Kg2 Kg5 1/2-1/2

[Event "2BLW 1920 SC Remagen Sinzig - Düsseldo"]
[Site "?"]
[Date "2021.08.07"]
[Round "8.8"]
[White "Suranyi, Pal"]
[Black "Harff, Marcel"]
[Result "0-1"]
[WhiteElo "2011"]
[BlackElo "2358"]
[PlyCount "116"]
[EventDate "2021.??.??"]

1. d4 Nf6 2. c4 e6 3. Nc3 Bb4 4. Qc2 c5 5. dxc5 Nc6 6. Nf3 O-O 7. a3 Bxc5 8.
Bg5 h6 9. Bh4 Be7 10. Rd1 b6 11. e3 Bb7 12. Be2 Rc8 13. O-O Na5 14. b3 a6 15.
Qb2 Qc7 16. Bg3 d6 17. Nd2 b5 18. cxb5 Qxc3 19. Qxc3 Rxc3 20. b4 axb5 21. Nb1
Rc2 22. Bd3 Rb2 23. bxa5 Ra8 24. Rc1 Be4 25. Bxe4 Nxe4 26. Rc7 Bf6 27. Rc6 d5
28. a6 d4 29. exd4 Bxd4 30. Rd1 e5 31. Kf1 Rxb1 32. Rxb1 Nd2+ 33. Ke2 Nxb1 34.
f4 exf4 35. Bxf4 Nxa3 36. Kd3 Bf2 37. Kc3 Be1+ 38. Kd4 b4 39. Bc1 Bf2+ 40. Kd5
Rd8+ 41. Ke4 Nb5 42. Rc2 f5+ 43. Ke5 Bd4+ 44. Kxf5 Bc3 45. Ke4 b3 46. Rf2 Rd4+
47. Ke3 Ra4 48. Kd3 Rxa6 49. Kc4 Ra1 50. Bb2 Ra2 51. Kxb3 Rxb2+ 52. Rxb2 Bxb2
53. Kxb2 Nd4 54. Kc3 Nf5 55. Kd3 Nh4 56. g3 Nf3 57. h3 Ng5 58. h4 Nh7 0-1

[Event "2BLW 1920 Bochumer SV 02 - SG Porz"]
[Site "?"]
[Date "2021.08.07"]
[Round "8.2"]
[White "Zatonskih, Anna"]
[Black "Lutz, Christopher"]
[Result "1/2-1/2"]
[WhiteElo "2420"]
[BlackElo "2539"]
[PlyCount "33"]
[EventDate "2021.??.??"]

1. d4 Nf6 2. c4 e6 3. Nc3 Bb4 4. Qc2 d6 5. Nf3 Nbd7 6. a3 Bxc3+ 7. Qxc3 b6 8.
g3 Bb7 9. Bg2 O-O 10. O-O a5 11. b3 Be4 12. Bg5 h6 13. Bxf6 Nxf6 14. Rfd1 Qe7
15. Ne1 e5 16. f3 exd4 17. Rxd4 1/2-1/2

[Event "2BLW 1920 Bochumer SV 02 - SG Porz"]
[Site "?"]
[Date "2021.08.07"]
[Round "8.3"]
[White "Rotstein, Arkadij"]
[Black "Friedmann, Rafael"]
[Result "1/2-1/2"]
[WhiteElo "2451"]
[BlackElo "2444"]
[PlyCount "50"]
[EventDate "2021.??.??"]

1. d4 d6 2. g3 Nd7 3. e4 e5 4. Ne2 g6 5. Bg2 Bg7 6. O-O Ne7 7. Nbc3 O-O 8. Be3
exd4 9. Bxd4 Ne5 10. h3 N7c6 11. Be3 Nc4 12. Bc1 Nb6 13. Bf4 Be6 14. Rb1 Qd7
15. Kh2 Rad8 16. b3 d5 17. exd5 Nxd5 18. Nxd5 Bxd5 19. Bxd5 Qxd5 20. Bxc7 Qe4
21. Bxd8 Rxd8 22. Qe1 Qxc2 23. Rd1 Rxd1 24. Qxd1 Qxa2 25. Qd3 h5 1/2-1/2

[Event "2BLW 1920 Bochumer SV 02 - SG Porz"]
[Site "?"]
[Date "2021.08.07"]
[Round "8.4"]
[White "Illner, Achim"]
[Black "Braun, Christian"]
[Result "1-0"]
[WhiteElo "2464"]
[BlackElo "2412"]
[PlyCount "55"]
[EventDate "2021.??.??"]

1. d4 Nf6 2. c4 g6 3. g3 Bg7 4. Bg2 O-O 5. Nc3 c6 6. Nf3 d6 7. O-O Qa5 8. e4
Be6 9. d5 Bg4 10. h3 Bxf3 11. Bxf3 Nfd7 12. Bd2 Na6 13. Rc1 Rfc8 14. Bg4 Qd8
15. b3 Nac5 16. Qc2 a5 17. h4 e6 18. Kg2 cxd5 19. cxd5 Nf6 20. Bh3 Ncxe4 21.
dxe6 Rc5 22. exf7+ Kxf7 23. Nxe4 Rxc2 24. Ng5+ Kg8 25. Rxc2 Qb6 26. Be3 Qb5 27.
Be6+ Kf8 28. Rc7 1-0

[Event "2BLW 1920 Bochumer SV 02 - SG Porz"]
[Site "?"]
[Date "2021.08.07"]
[Round "8.6"]
[White "Kiese, Matthias"]
[Black "Malykin, Vitaly"]
[Result "1/2-1/2"]
[WhiteElo "2194"]
[BlackElo "2344"]
[PlyCount "38"]
[EventDate "2021.??.??"]

1. d4 g6 2. Nf3 Bg7 3. g3 Nf6 4. Bg2 O-O 5. O-O d6 6. c4 Nbd7 7. Nc3 a6 8. e4
e5 9. h3 b5 10. dxe5 dxe5 11. Qe2 c6 12. a3 Qe7 13. Be3 Nc5 14. Nd2 Rd8 15.
Rfd1 Be6 16. cxb5 axb5 17. b4 Na4 18. Nxa4 Rxa4 19. Rdc1 Qb7 1/2-1/2

[Event "2BLW 1920 Bochumer SV 02 - SG Porz"]
[Site "?"]
[Date "2021.08.07"]
[Round "8.8"]
[White "Pewny, Uwe"]
[Black "Ramien, David"]
[Result "1/2-1/2"]
[WhiteElo "2203"]
[BlackElo "2181"]
[PlyCount "46"]
[EventDate "2021.??.??"]

1. Nf3 Nf6 2. g3 g6 3. Bg2 Bg7 4. c4 d6 5. Nc3 O-O 6. O-O e5 7. d3 Nc6 8. Bg5
h6 9. Bxf6 Qxf6 10. Rb1 a5 11. a3 Re8 12. b4 axb4 13. axb4 Nd4 14. Nd5 Qd8 15.
b5 Ne6 16. Nd2 h5 17. e3 h4 18. Qc2 hxg3 19. hxg3 Rf8 20. Ra1 Rxa1 21. Rxa1 Bd7
22. Nb4 Nc5 23. Ne4 Bf5 1/2-1/2

[Event "2BLW 1920 SG Porz - SC Hansa Dortmund"]
[Site "?"]
[Date "2021.08.08"]
[Round "9.1"]
[White "Klyuner, Vyacheslav"]
[Black "Van den Doel, Erik"]
[Result "1/2-1/2"]
[WhiteElo "2439"]
[BlackElo "2601"]
[PlyCount "81"]
[EventDate "2021.??.??"]

1. e4 c5 2. c3 e6 3. d4 d5 4. exd5 exd5 5. Nf3 Nc6 6. Be2 Bd6 7. dxc5 Bxc5 8.
Nbd2 Nf6 9. Nb3 Bb6 10. O-O O-O 11. Bg5 Re8 12. Nbd4 h6 13. Bh4 g5 14. Nxc6
bxc6 15. Bg3 Ne4 16. Nd2 f5 17. Nxe4 Rxe4 18. h3 f4 19. Bh2 Qf6 20. Kh1 Bf5 21.
Bd3 Re6 22. a4 Rae8 23. a5 Bc7 24. Bg1 Bxd3 25. Qxd3 f3 26. Qxf3 Qxf3 27. gxf3
Re2 28. b4 Bf4 29. Bh2 Bxh2 30. Kxh2 R8e3 31. Rac1 Rxf3 32. Kg2 Rf4 33. Rce1
Rfe4 34. Rxe2 Rxe2 35. Rd1 Kf7 36. b5 Ra2 37. bxc6 Rxa5 38. c7 Rc5 39. Rxd5
Rxc7 40. Rd6 Kg7 41. Ra6 1/2-1/2

[Event "2BLW 1920 SG Porz - SC Hansa Dortmund"]
[Site "?"]
[Date "2021.08.08"]
[Round "9.3"]
[White "Scholz, Christian"]
[Black "Rotstein, Arkadij"]
[Result "0-1"]
[WhiteElo "2366"]
[BlackElo "2451"]
[PlyCount "128"]
[EventDate "2021.??.??"]

1. d4 g6 2. e4 Bg7 3. c4 c5 4. d5 d6 5. Nf3 e6 6. Bd3 Ne7 7. O-O O-O 8. h3 Nd7
9. Qc2 e5 10. Nc3 h6 11. g4 f5 12. exf5 gxf5 13. gxf5 Qe8 14. Nb5 Qh5 15. Nh2
Qxh3 16. f3 Nxf5 17. Bxf5 Rxf5 18. Nxd6 Rh5 19. Be3 e4 20. Nxe4 Ne5 21. Rf2 Bf5
22. Qe2 Rf8 23. Raf1 b6 24. Rg2 Bxe4 25. fxe4 Rxf1+ 26. Nxf1 Rh4 27. Ng3 Ng4
28. Kf1 Nxe3+ 29. Qxe3 Rg4 30. Qf3 Rg5 31. d6 Be5 32. d7 Qxd7 33. Nf5 Rxg2 34.
Qxg2+ Kh7 35. b3 Qd1+ 36. Kf2 Qd2+ 37. Kf3 Qxg2+ 38. Kxg2 Kg6 39. Kf3 h5 40.
Ne7+ Kf6 41. Nd5+ Ke6 42. Ne3 Bc7 43. Ng2 Kf6 44. Ne1 h4 45. Kg4 Ke5 46. Kxh4
Kxe4 47. Kg4 a6 48. Nf3 b5 49. Ng5+ Kd3 50. cxb5 axb5 51. Kf5 c4 52. bxc4 bxc4
53. Ne4 Kd4 54. Nd2 c3 55. Nb3+ Kd5 56. Na1 Kd4 57. Nb3+ Kd3 58. a4 c2 59. Nc1+
Kd4 60. Ne2+ Kd5 61. Nc1 Ba5 62. Kg4 Bd2 63. Nb3 Kc4 64. Nxd2+ Kb4 0-1

[Event "2BLW 1920 SG Porz - SC Hansa Dortmund"]
[Site "?"]
[Date "2021.08.08"]
[Round "9.7"]
[White "Burchert, Wolfgang"]
[Black "Malykin, Vitaly"]
[Result "1/2-1/2"]
[WhiteElo "2064"]
[BlackElo "2344"]
[PlyCount "96"]
[EventDate "2021.??.??"]

1. e4 g6 2. d4 Bg7 3. Nf3 d6 4. Be2 Nd7 5. O-O e5 6. dxe5 dxe5 7. Nc3 Ngf6 8.
h3 O-O 9. Re1 b6 10. Bc4 Bb7 11. Nd5 Nxd5 12. Bxd5 c6 13. Bc4 b5 14. Bf1 Nc5
15. Qxd8 Rfxd8 16. b3 Nxe4 17. Rxe4 c5 18. Re1 e4 19. Bg5 Bxa1 20. Bxd8 Rxd8
21. Rxa1 exf3 22. gxf3 b4 23. a3 Bxf3 24. axb4 cxb4 25. Bd3 Rd5 26. Rxa7 Rg5+
27. Kf1 Bg2+ 28. Ke2 Re5+ 29. Kd2 Bxh3 30. Rb7 h5 31. Rxb4 Kg7 32. Rh4 Bg4 33.
b4 g5 34. Rh2 Bf3 35. c4 f5 36. Kc3 f4 37. Kd4 Kf6 38. b5 g4 39. Bf1 Re1 40.
Bg2 g3 41. fxg3 fxg3 42. Rh3 Bxg2 43. Rxg3 Be4 44. c5 h4 45. Rg8 h3 46. Rh8 Bg2
47. c6 Rc1 48. b6 Bxc6 1/2-1/2

[Event "2BLW 1920 SG Porz - SC Hansa Dortmund"]
[Site "?"]
[Date "2021.08.08"]
[Round "9.8"]
[White "Ramien, David"]
[Black "Linker, Walter"]
[Result "1-0"]
[WhiteElo "2181"]
[BlackElo "2060"]
[PlyCount "67"]
[EventDate "2021.??.??"]

1. e4 e5 2. Nf3 Nc6 3. Bc4 Be7 4. d4 exd4 5. Nxd4 d6 6. Nc3 Nf6 7. Nxc6 bxc6 8.
O-O O-O 9. f4 Rb8 10. Kh1 Bb7 11. Bd3 Qc8 12. e5 Nd5 13. Nxd5 cxd5 14. Qh5 g6
15. Qe2 Re8 16. f5 dxe5 17. fxg6 hxg6 18. Qxe5 Bf8 19. Qf4 Qd7 20. Be3 c5 21.
Bb5 Qe6 22. Bxe8 Rxe8 23. c3 Ba6 24. Rfe1 Qb6 25. b4 Rc8 26. Bxc5 Bxc5 27. bxc5
Qxc5 28. Qf6 Bd3 29. Re7 Rf8 30. Rae1 Be4 31. Rf1 Bf5 32. Rxf5 gxf5 33. Qg5+
Kh7 34. Re3 1-0

[Event "2BLW 1920 Düsseldorfer SK - Bochumer S"]
[Site "?"]
[Date "2021.08.08"]
[Round "9.3"]
[White "Zatonskih, Anna"]
[Black "Vaisser, Anatoly"]
[Result "1/2-1/2"]
[WhiteElo "2420"]
[BlackElo "2496"]
[PlyCount "96"]
[EventDate "2021.??.??"]

1. d4 e6 2. Nf3 f5 3. g3 Nf6 4. Bg2 d5 5. O-O Bd6 6. c4 O-O 7. cxd5 exd5 8. Bf4
Bxf4 9. gxf4 c6 10. e3 Ne4 11. Nc3 Nd7 12. Ne2 a5 13. Ne5 Ndf6 14. Qc2 Be6 15.
Ng3 Qe7 16. Rfc1 Nd7 17. Nd3 Ra7 18. Rab1 a4 19. Qe2 Rfa8 20. Bh3 g6 21. Bg2
Ra5 22. Qe1 Qd6 23. Ne5 Rb5 24. Ne2 a3 25. b3 Qb4 26. Qxb4 Rxb4 27. Nxd7 Bxd7
28. Rc2 Kf7 29. Nc1 Ke7 30. Nd3 Rb6 31. Bf1 Ra5 32. Nc5 Nxc5 33. Rxc5 Rb4 34.
Bd3 Ke6 35. Kf1 Kd6 36. Rd1 b6 37. Rc2 Be6 38. Rcd2 Ra8 39. Be2 c5 40. dxc5+
bxc5 41. Bf3 Kc6 42. Rc1 Kb6 43. Rcd1 d4 44. Be2 Rd8 45. Ke1 Kc6 46. Rc1 Kb6
47. Rcd1 Ka5 48. Rc1 Kb6 1/2-1/2

[Event "2BLW 1920 Düsseldorfer SK - Bochumer S"]
[Site "?"]
[Date "2021.08.08"]
[Round "9.5"]
[White "Illner, Achim"]
[Black "De Gleria, Francesco"]
[Result "1/2-1/2"]
[WhiteElo "2464"]
[BlackElo "2376"]
[PlyCount "69"]
[EventDate "2021.??.??"]

1. d4 Nf6 2. c4 g6 3. g3 Bg7 4. Bg2 O-O 5. Nc3 d6 6. Nf3 Nc6 7. O-O a6 8. d5
Na5 9. b3 c5 10. dxc6 bxc6 11. Bg5 Qc7 12. Qd2 Re8 13. Rac1 Nd7 14. Bh6 Bh8 15.
Ng5 Nf6 16. h3 Rb8 17. Rfd1 Bg7 18. Bxg7 Kxg7 19. Qf4 h6 20. Nge4 Nh5 21. Qe3
Kh7 22. g4 Ng7 23. Ng3 Ne6 24. h4 Qb6 25. Qd2 Qc5 26. Nce4 Qe5 27. e3 Nb7 28.
f4 Qg7 29. h5 Rd8 30. hxg6+ fxg6 31. f5 Nec5 32. fxg6+ Qxg6 33. Nxc5 Nxc5 34.
b4 Qxg4 35. Ne2 1/2-1/2

[Event "2BLW 1920 Düsseldorfer SK - Bochumer S"]
[Site "?"]
[Date "2021.08.08"]
[Round "9.6"]
[White "Coenen, Michael"]
[Black "Kiese, Matthias"]
[Result "1-0"]
[WhiteElo "2362"]
[BlackElo "2194"]
[PlyCount "113"]
[EventDate "2021.??.??"]

1. e4 c5 2. Nf3 d6 3. Nc3 Nf6 4. e5 dxe5 5. Nxe5 Nbd7 6. Nc4 g6 7. a4 Bg7 8. a5
O-O 9. Be2 Ne8 10. Bf3 Rb8 11. d3 Ne5 12. Bf4 Nxf3+ 13. Qxf3 Nd6 14. Nxd6 exd6
15. O-O Be5 16. Rfe1 Re8 17. Bxe5 Rxe5 18. Rxe5 dxe5 19. Qe3 Qd4 20. Qh6 f5 21.
Ra4 Qd7 22. Qe3 Qe7 23. f4 Bd7 24. Ra1 Re8 25. Re1 e4 26. dxe4 fxe4 27. Nd5 Qf7
28. Qxc5 Bc6 29. Nb4 Qxf4 30. Nxc6 bxc6 31. Qxc6 Rf8 32. Qc4+ Kg7 33. Qd4+ Kg8
34. Qc4+ Kg7 35. Qd4+ Kg8 36. Qe3 Qc7 37. Qxe4 Qxa5 38. Qe6+ Kg7 39. Qe5+ Qxe5
40. Rxe5 Rf7 41. Re2 h5 42. Rf2 Re7 43. Kf1 a5 44. b3 Re5 45. Re2 Rd5 46. Ke1
Kf6 47. Rd2 Re5+ 48. Kd1 Rf5 49. Re2 h4 50. h3 Rf1+ 51. Kd2 Kf5 52. c4 Kf4 53.
c5 g5 54. c6 Kg3 55. c7 Rf8 56. Kd3 Rc8 57. Rc2 1-0

[Event "2BLW 1920 Düsseldorfer SK - Bochumer S"]
[Site "?"]
[Date "2021.08.08"]
[Round "9.7"]
[White "Pewny, Uwe"]
[Black "Harff, Marcel"]
[Result "1/2-1/2"]
[WhiteElo "2203"]
[BlackElo "2358"]
[PlyCount "80"]
[EventDate "2021.??.??"]

1. e4 e6 2. d4 d5 3. Nc3 Bb4 4. e5 c5 5. a3 Bxc3+ 6. bxc3 Qc7 7. Nf3 Bd7 8. a4
Nc6 9. Bb5 b6 10. O-O Na5 11. Bd3 h6 12. Re1 Ne7 13. h4 Bc6 14. Qd2 c4 15. Bf1
O-O-O 16. Ba3 Kb7 17. Bb4 Ka8 18. Qc1 Bb7 19. g3 Rdg8 20. Qf4 Nec6 21. Ba3 Qd7
22. Bg2 Nd8 23. Bb4 Bc6 24. Bxa5 bxa5 25. Nd2 Nb7 26. Reb1 Rb8 27. Rb2 Nd8 28.
Rba2 a6 29. Nf1 Ka7 30. Qc1 Qe7 31. Ne3 h5 32. Rb2 Rxb2 33. Qxb2 Qd7 34. Rb1
Qc7 35. Qa3 Nb7 36. f4 g6 37. Kh2 Rb8 38. Bf3 Qd7 39. Qb2 Qc7 40. Qa3 Qd7
1/2-1/2

[Event "2BLW 1920 SC Siegburg - SC Remagen Sinz"]
[Site "?"]
[Date "2021.08.08"]
[Round "9.1"]
[White "Cyborowski, Lukasz"]
[Black "Brodsky, Michail"]
[Result "1/2-1/2"]
[WhiteElo "2517"]
[BlackElo "2524"]
[PlyCount "29"]
[EventDate "2021.??.??"]

1. Nf3 c5 2. c4 Nf6 3. g3 b6 4. Bg2 Bb7 5. O-O e6 6. b3 Be7 7. Bb2 O-O 8. e3 d6
9. Qe2 Nbd7 10. Nc3 Ne4 11. Nxe4 Bxe4 12. d3 Bb7 13. Nd2 Bxg2 14. Kxg2 Nf6 15.
Nf3 1/2-1/2

[Event "2BLW 1920 SC Siegburg - SC Remagen Sinz"]
[Site "?"]
[Date "2021.08.08"]
[Round "9.2"]
[White "Andreev, Eduard"]
[Black "Dgebuadze, Alexandre"]
[Result "1/2-1/2"]
[WhiteElo "2415"]
[BlackElo "2488"]
[PlyCount "29"]
[EventDate "2021.??.??"]

1. e4 e6 2. d4 d5 3. Nd2 Nf6 4. e5 Nfd7 5. Bd3 c5 6. c3 Nc6 7. Ne2 cxd4 8. cxd4
f6 9. exf6 Nxf6 10. Nf3 Bd6 11. O-O O-O 12. Bf4 Bxf4 13. Nxf4 Ne4 14. Qc1 Ng5
15. Nxg5 1/2-1/2

[Event "2BLW 1920 SC Siegburg - SC Remagen Sinz"]
[Site "?"]
[Date "2021.08.08"]
[Round "9.3"]
[White "Jaracz, Pawel"]
[Black "Grinev, Valeriy"]
[Result "1/2-1/2"]
[WhiteElo "2456"]
[BlackElo "2425"]
[PlyCount "41"]
[EventDate "2021.??.??"]

1. e4 c5 2. Nf3 e6 3. d4 cxd4 4. Nxd4 Nc6 5. Nb5 d6 6. c4 Nf6 7. N1c3 a6 8. Na3
Be7 9. Be2 O-O 10. O-O b6 11. Be3 Bb7 12. Qb3 Nd7 13. Rfd1 Nc5 14. Qc2 Bf6 15.
Qd2 Be5 16. Rac1 Qh4 17. g3 Bxc3 18. gxh4 Bxd2 19. Rxd2 Nxe4 20. Rdd1 Ne7 21.
Bxb6 1/2-1/2

[Event "2BLW 1920 SC Siegburg - SC Remagen Sinz"]
[Site "?"]
[Date "2021.08.08"]
[Round "9.4"]
[White "Omelja, Artem"]
[Black "Cioara, Andrei-Nestor"]
[Result "1-0"]
[WhiteElo "2499"]
[BlackElo "2413"]
[PlyCount "175"]
[EventDate "2021.??.??"]

1. Nf3 Nf6 2. c4 e6 3. Nc3 Bb4 4. Qc2 O-O 5. a3 Bxc3 6. Qxc3 b6 7. g3 Bb7 8.
Bg2 d6 9. d4 Nbd7 10. O-O a5 11. b3 Be4 12. Bb2 c6 13. Bh3 b5 14. Nd2 Bg6 15.
Bg2 d5 16. a4 Qb6 17. cxb5 cxb5 18. Rfc1 Rfb8 19. Qc6 h6 20. f3 Qxc6 21. Rxc6
bxa4 22. Rxa4 Nb6 23. Ra3 Nfd7 24. Bf1 Rc8 25. Rc3 Rxc3 26. Bxc3 a4 27. b4 Bc2
28. e3 Rc8 29. b5 Bb3 30. Bb4 Nc4 31. Bxc4 dxc4 32. Nb1 Nb6 33. e4 Rb8 34. Nc3
f6 35. Kf2 Kf7 36. Ke3 Ke8 37. g4 Kd7 38. h4 h5 39. gxh5 Rh8 40. Ra1 Rxh5 41.
Rg1 Rh7 42. Bc5 Kc7 43. Bf8 Nd7 44. Rxg7 Rxg7 45. Bxg7 Kd8 46. b6 Ke7 47. b7 a3
48. Bh6 a2 49. Nxa2 Bxa2 50. Bf4 c3 51. b8=Q Nxb8 52. Bxb8 Bc4 53. Bf4 c2 54.
Kd2 c1=Q+ 55. Kxc1 Be2 56. d5 exd5 57. exd5 Bxf3 58. d6+ Ke6 59. Kd2 Bg4 60.
Ke3 Bh5 61. Kd4 Bf3 62. Kc5 Kd7 63. Bd2 Ke6 64. Bc3 f5 65. Bd2 Kd7 66. Bf4 Ke6
67. Bd2 Kd7 68. Bc1 Ke6 69. Ba3 Bh5 70. Bc1 Bf3 71. Bh6 Kd7 72. Bf8 Bh5 73. Bh6
Bf3 74. Bg7 Ke6 75. Be5 Bh5 76. Bg3 Bf3 77. Kd4 Bh5 78. Ke3 Be8 79. Bh2 Kd7 80.
Be5 Ke6 81. Kf4 Bf7 82. Kg5 Be8 83. Bf4 Kf7 84. h5 Bd7 85. h6 Be6 86. Be5 Kg8
87. Kf6 Bd7 88. Bf4 1-0

[Event "2BLW 1920 SC Siegburg - SC Remagen Sinz"]
[Site "?"]
[Date "2021.08.08"]
[Round "9.5"]
[White "Mainka, Romuald"]
[Black "Zavgorodniy, Sergiy"]
[Result "0-1"]
[WhiteElo "2384"]
[BlackElo "2418"]
[PlyCount "104"]
[EventDate "2021.??.??"]

1. e4 e5 2. Nf3 d6 3. d4 exd4 4. Nxd4 Nf6 5. Nc3 Be7 6. g3 Bg4 7. Be2 Bd7 8. g4
O-O 9. Rg1 d5 10. e5 Ne4 11. Nxd5 Nc6 12. Nf3 Be6 13. Nxe7+ Qxe7 14. c3 f5 15.
gxf5 Bxf5 16. Be3 Rad8 17. Qa4 Kh8 18. Qb5 a6 19. Qc4 Rd7 20. a3 Nxe5 21. Nxe5
Qxe5 22. f3 b5 23. Qc6 Nf6 24. Qc5 Qe8 25. Rd1 Rff7 26. Rxd7 Nxd7 27. Qd4 c5
28. Qd2 Ne5 29. Kf2 Rd7 30. Qc1 Qh5 31. Bf4 Ng6 32. Rg5 Qh3 33. Bf1 Qh4+ 34.
Bg3 Qh6 35. f4 Ne7 36. Qe3 Qf6 37. Qxc5 h6 38. Rh5 Qg6 39. Rh4 Kh7 40. Be2 Nd5
41. Rh5 Qe6 42. Bf3 g6 43. Rh4 Nf6 44. Kg1 Rd3 45. Qc7+ Nd7 46. Qc8 Qe7 47. Qa8
Nf6 48. Bf2 h5 49. Qb7 Rd1+ 50. Kg2 Rd7 51. Qb8 Rd2 52. Qb6 Ne4 0-1

[Event "2BLW 1920 SC Siegburg - SC Remagen Sinz"]
[Site "?"]
[Date "2021.08.08"]
[Round "9.6"]
[White "Maly, Alexey"]
[Black "Polaczek, Richard"]
[Result "1/2-1/2"]
[WhiteElo "2370"]
[BlackElo "2352"]
[PlyCount "71"]
[EventDate "2021.??.??"]

1. d4 Nf6 2. c4 e6 3. Nf3 Bb4+ 4. Nbd2 c5 5. dxc5 Bxc5 6. e3 O-O 7. a3 a5 8. b3
Nc6 9. Bb2 d5 10. Be2 Qe7 11. O-O Rd8 12. Qc2 b6 13. Rfd1 Bb7 14. cxd5 exd5 15.
Bb5 Rac8 16. Qf5 Qe6 17. Qg5 h6 18. Qg3 Ne7 19. Nd4 Bxd4 20. Bxd4 Nf5 21. Qe5
Nxd4 22. Qxd4 Rc5 23. Be2 Rdc8 24. b4 Rc3 25. bxa5 bxa5 26. Rab1 Ba6 27. Bxa6
Qxa6 28. a4 Qe2 29. Re1 Qh5 30. Rb8 Rxb8 31. Qxc3 Rb4 32. Qc5 Qg4 33. h3 Qd7
34. Qxa5 Rxa4 35. Qc3 d4 36. exd4 1/2-1/2

[Event "2BLW 1920 SC Siegburg - SC Remagen Sinz"]
[Site "?"]
[Date "2021.08.08"]
[Round "9.7"]
[White "Huhndorf, Arnold"]
[Black "Albrecht, Oliver"]
[Result "0-1"]
[WhiteElo "2211"]
[BlackElo "2148"]
[PlyCount "50"]
[EventDate "2021.??.??"]

1. d4 Nf6 2. c4 g6 3. Nc3 d5 4. cxd5 Nxd5 5. e4 Nxc3 6. bxc3 Bg7 7. Nf3 c5 8.
Bb5+ Nc6 9. d5 Qa5 10. Rb1 a6 11. Bxc6+ bxc6 12. O-O O-O 13. Bg5 cxd5 14. exd5
Re8 15. Re1 Bf5 16. Rb7 f6 17. Bf4 Qxc3 18. Rbxe7 Rxe7 19. Rxe7 Bf8 20. Rc7 Qc4
21. Qd2 Rd8 22. d6 Bxd6 23. Bxd6 Rxd6 24. Qe1 Qe6 25. Qc1 Qe2 0-1